000 00654nam a2200289Ia 4500
005 20260324141937.0
008 008 260324s9999 xx 000 0 eng d
020 _a9780203196878
037 _aEBOOK
040 _aCRL
040 _beng
040 _cCRL
041 _2eng
041 _aeng
084 _qCRL
100 _aAnthony Edwards
_91210100
245 0 _aJohn Skelton
245 4 _bThe Critical Heritage
260 _bTaylor and Francis
260 _c1996
365 _a
365 _b135
856 _uhttp://www.taylorfrancis.com/books/9780203196878
942 _cEBOOK
999 _c1813731
_d1813731